Molecular quantum mechanics / (Record no. 27032)

MARC details
000 -LEADER
fixed length control field 01699cam a22003255i 4500
001 - CONTROL NUMBER
control field 16612763
003 - CONTROL NUMBER IDENTIFIER
control field EG-ScBUE
005 - DATE AND TIME OF LATEST TRANSACTION
control field 20250720110421.0
008 - FIXED-LENGTH DATA ELEMENTS--GENERAL INFORMATION
fixed length control field 110115t2011 enka f b 001 0 eng
020 ## - INTERNATIONAL STANDARD BOOK NUMBER
International Standard Book Number 9780199541423
040 ## - CATALOGING SOURCE
Original cataloging agency EG-ScBUE
Language of cataloging eng
Description conventions rda
Transcribing agency EG-ScBUE
Modifying agency EG-ScBUE
082 04 - DEWEY DECIMAL CLASSIFICATION NUMBER
Classification number 541.28
Item number ATK
Edition number 22
100 1# - MAIN ENTRY--PERSONAL NAME
Personal name Atkins, P. W.
Fuller form of name (Peter William),
Dates associated with a name 1940-
9 (RLIN) 37442
Relator term author.
245 10 - TITLE STATEMENT
Title Molecular quantum mechanics /
Statement of responsibility, etc Peter Atkins, University of Oxford, and Ronald Friedman, Indiana Purdue Fort Wayne.
250 ## - EDITION STATEMENT
Edition statement Fifth edition.
264 #1 - PUBLICATION, DISTRIBUTION, ETC. (IMPRINT)
Place of publication, distribution, etc Oxford :
Name of publisher, distributor, etc Oxford University Press,
Date of publication, distribution, etc [2011]
264 #4 - PUBLICATION, DISTRIBUTION, ETC. (IMPRINT)
Date of publication, distribution, etc c2011
300 ## - PHYSICAL DESCRIPTION
Extent xiv, 537 pages :
Other physical details illustrations ;
Dimensions 25 cm
336 ## - CONTENT TYPE
Source rdacontent
Content type term text
Content type code txt
337 ## - MEDIA TYPE
Media type term unmediated
Source rdamedia
Media type code n
338 ## - CARRIER TYPE
Carrier type term volume
Carrier type code nc
Source rdacarrier
504 ## - BIBLIOGRAPHY, ETC. NOTE
Bibliography, etc Includes bibliographical references and index.<br/>
505 0# - FORMATTED CONTENTS NOTE
Formatted contents note Historical introduction --<br/>The Schrödinger equation --<br/>Exact solutions : linear motion --<br/>Exact solutions : rotational motion --<br/>The properties of operators --<br/>Angular momentum --<br/>Group theory --<br/>Techniques of approximation --<br/>Atomic spectra and atomic structure --<br/>Molecular structure --<br/>Molecular rotational and vibrational transitions --<br/>Molecular electronic transitions --<br/>The electric properties of molecules --<br/>The magnetic properties of molecules.
520 ## - SUMMARY, ETC.
Summary, etc Thoroughly rewritten from start to finish, the second edition of this text provides a complete, highly accessible introduction to quantum chemistry.<br/>
650 #7 - SUBJECT ADDED ENTRY--TOPICAL TERM
Topical term or geographic name as entry element Quantum chemistry.
Source of heading or term BUEsh
9 (RLIN) 7434
653 ## - INDEX TERM--UNCONTROLLED
Resource For college Engineering, Mechanical
Arrived date list December2018
655 ## - INDEX TERM--GENRE/FORM
Form subdivision Reading book
700 1# - ADDED ENTRY--PERSONAL NAME
Personal name Friedman, Ronald,
Dates associated with a name 1962-
9 (RLIN) 11379
Relator term author.
942 ## - ADDED ENTRY ELEMENTS (KOHA)
Source of classification or shelving scheme Dewey Decimal Classification
Koha item type Book - Borrowing
Holdings
Withdrawn status Lost status Source of classification or shelving scheme Damaged status Not for loan Collection code Home library Current library Shelving location Date acquired Source of acquisition Cost, normal purchase price Total Checkouts Full call number Barcode Date last seen Koha item type
    Dewey Decimal Classification     Baccah Central Library Central Library First floor 10/12/2018 Purchase 950.00   541.28 ATK 000044041 15/07/2025 Book - Borrowing